München ... oder Stuttgart? - Statistiken

Allgemein
  • Dieses Quiz wurde 242 mal gespielt
  • Das Durchschnittsergebnis liegt bei 12 aus 15
Antwortstatistiken
Frage Antwort % Korrekt
Liegt am Neckar. Stuttgart
99%
Gilt als teuerster Ort Deutschlands (im Hinblick auf Mietpreise und sonstige Lebenshaltungskosten). München
98%
Hier befindet sich der Hauptsitz von Porsche. Stuttgart
97%
Wurde im "Deutsche Großstädte"-Quiz häufiger erraten. München
96%
Auf dem Wappen der Stadt ist ein Pferd. Stuttgart
96%
Zwei Prozent der Stadtfläche werden für Weinbau genutzt. Stuttgart
94%
Liegt nördlicher. Stuttgart
92%
Zum öffentlichen Nahverkehr der Stadt gehören eine Zahnrad- und eine Standseilbahn. Stuttgart
88%
Hat ein U-Bahn-System. München
79%
Der Flughafen liegt fast 30km vom Stadtzentrum entfernt. München
77%
Liegt näher an einer anderen Großstadt. Stuttgart
72%
Hat den größten Nachbarort; hat generell mehr Einwohner in all seinen Nachbarorten. Stuttgart
70%
Liegt höher. München
68%
Der Hauptbahnhof ist ein Kopfbahnhof (und wird es auch in 10 Jahren noch sein). München
63%
Ist dichter besiedelt; ist sogar der am dichtesten besiedelte Ort Deutschlands. München
59%
Keine übereinstimmenden Quizze gefunden
Verteilung der Resultate
Anzahl Personen mit jedem Resultat
Perzentil nach korrekt beantworteten Fragen
Ihre Resultats-Entwicklung
Sie haben dieses Quiz noch nicht gespielt